The voyage of the Fox in the Arctic seas in search of Franklin and his companions, by Vice-Admiral Sir F. Leopold M'Clintock, R.N. With a chapter on the recent searching expeditions of captain C.F. Hall & Lieut. F. Schwatka, USA. Maps and illustrations

Saved in:
Bibliografiske detaljer
Hovedforfatter: McClintock, Francis Leopold (autor)
Format: Bog
Sprog:engelsk
Udgivet: Londres John Murray, Albemarle Street 1881
Udgivelse:5a. ed
Serier:Fate of Sir John Franklin
Fag:
Tags: Tilføj Tag
Ingen Tags, Vær først til at tagge denne postø!

MARC

LEADER 00000nam a2200000 a 4500
001 UCJ5456
003 CL-VaPUC
005 20250227100125.0
008 070124e18810000UK |||||||||||||||||eng|d
999 |c 321565  |d 321563 
040 |c Pontificia Universidad Católica de Valparaíso 
082 0 4 |a 910.4  |b MCL  |2 21 
100 |a McClintock, Francis Leopold  |e autor  |9 510648 
245 1 4 |a The voyage of the Fox in the Arctic seas in search of Franklin and his companions, by Vice-Admiral Sir F. Leopold M'Clintock, R.N. With a chapter on the recent searching expeditions of captain C.F. Hall & Lieut. F. Schwatka, USA. Maps and illustrations 
250 |a 5a. ed 
260 |a Londres  |b John Murray, Albemarle Street  |c 1881 
300 |a 336 p 
490 0 |a Fate of Sir John Franklin 
500 |a Incluye copia facsimilar de una página del Diario llevado por John Franklin; mapas y grabados conforme a lo señalado en índice. En Apéndice, relación de restos de la expedición de Franklin encontrados en diversos lugares del malhadado track. Se han registrado dos versiones para el autor, M'Clinton, como aparece en la portada y Mac Clinton, como más probablemente se lo buscará, esto con el objeto de facilitar el acceso al libro 
583 |a last modification  |c 20130712 06:21:19  |k Rodrigo Vera 
600 0 7 |a FRANKLIN, JOHN  |2 CL-VaPUC  |9 510650 
650 0 |a Viajes  |9 257115 
650 0 |a Expediciones científicas  |9 265222 
650 7 |a RESCATES  |2 CL-VaPUC  |9 505719 
650 7 |a TRIPULACIONES  |2 CL-VaPUC  |9 507380 
650 7 |a ESQUIMALES  |2 CL-VaPUC  |9 441373 
650 0 |a Descubrimientos geográficos  |9 331933 
650 7 |a BALLENEROS  |2 CL-VaPUC  |9 504565 
650 7 |a FAUNA  |2 CL-VaPUC  |9 349523 
650 7 |a TRINEOS  |2 CL-VaPUC  |9 510482 
650 0 |a Mapas  |9 260844 
650 0 |a Ilustraciones  |9 369481 
650 0 |a Grabados  |9 310822 
650 7 |a FACSIMILES  |2 CL-VaPUC  |9 460925 
650 7 |a DIARIO  |2 CL-VaPUC  |9 441581 
651 7 |a ESTRECHO DE DAVIS  |2 CL-VaPUC  |9 508015 
651 7 |a REGION ARTICA  |2 CL-VaPUC  |9 366377 
651 7 |a GROENLANDIA  |2 CL-VaPUC  |9 393402 
942 |c BK  |2 ddc 
945 |d 20070124 00:00:00  |a rinostro 
952 |0 0  |1 0  |4 0  |6 910_400000000000000_MCL_1881  |7 0  |8 X  |9 400337  |a FDOBUD  |b FDOBUD  |d 2019-11-22  |i 1034863  |o 910.4 MCL 1881  |p 1034863  |r 2019-11-22  |w 2019-11-22  |y BK_X  |k BUD